[Event "20. Open d'escacs de Sants 2018"]
[Site "Barcelona ESP"]
[Date "2018.08.17"]
[Round "1.23"]
[White "DIERMAIR, Andreas"]
[Black "CAVALIERI, Riccardo"]
[Result "1-0"]
[WhiteElo "2501"]
[BlackElo "2109"]
[PlyCount "51"]
[EventDate "2018.08.17"]
[EventType "swiss"]
[EventRounds "10"]
[EventCountry "ESP"]
[SourceTitle "Ajedrez en Madrid"]
[Source "lmi"]
[SourceDate "2018.08.17"]
[SourceVersion "1"]
[SourceVersionDate "2019.07.10"]
[SourceQuality "1"]

1. Nf3 Nf6 2. c4 g6 3. Nc3 d5 4. cxd5 Nxd5 5. g3 Bg7 6. Bg2 O-O 7. O-O c5 8.
Qa4 Nb6 9. Qb5 Qc7 10. d3 Na6 11. Bf4 e5 12. Be3 Bd7 13. Qb3 Bc6 14. Nb5 Bxb5
15. Qxb5 Nd5 16. Bd2 Qd6 17. Rac1 Rac8 18. Ng5 Ndc7 19. Qc4 b6 20. Bb7 b5 21.
Qh4 h6 22. Ne4 Qb6 23. Bxc8 Rxc8 24. Bxh6 Ne8 25. Bxg7 Kxg7 26. Qe7 1-0

[Event "20. Open d'escacs de Sants 2018"]
[Site "Barcelona ESP"]
[Date "2018.08.17"]
[Round "1.24"]
[White "ZOLDAN, Matteo"]
[Black "VALSECCHI, Alessio"]
[Result "0-1"]
[WhiteElo "2105"]
[BlackElo "2500"]
[PlyCount "126"]
[EventDate "2018.08.17"]
[EventType "swiss"]
[EventRounds "10"]
[EventCountry "ESP"]
[SourceTitle "Ajedrez en Madrid"]
[Source "lmi"]
[SourceDate "2018.08.17"]
[SourceVersion "1"]
[SourceVersionDate "2019.07.10"]
[SourceQuality "1"]

1. e4 e5 2. Nc3 Nf6 3. Bc4 Nc6 4. d3 Na5 5. Bb3 Nxb3 6. axb3 d6 7. f4 Be7 8.
Nf3 exf4 9. Bxf4 O-O 10. O-O c6 11. Kh1 d5 12. exd5 Nxd5 13. Nxd5 Qxd5 14. Re1
Bf6 15. Be5 Bxe5 16. Rxe5 Qd6 17. Qe1 Bg4 18. Nd2 Be6 19. Qe3 b6 20. h3 Rfe8
21. Re1 Rad8 22. Nf3 h6 23. Kg1 c5 24. Nh4 Bd7 25. Qf4 Rxe5 26. Qxe5 Qxe5 27.
Rxe5 Be6 28. Kf2 Rd4 29. Nf3 Rd6 30. Nd2 f6 31. Re1 Kf7 32. Ra1 Rd7 33. Ra6 Bd5
34. Nb1 Bc6 35. Nc3 h5 36. Ne4 Bb5 37. Ra1 h4 38. Nc3 Bc6 39. Ra6 f5 40. Kf1 g5
41. Kf2 Kg6 42. Ra1 Re7 43. Rd1 g4 44. hxg4 fxg4 45. Ne4 Bxe4 46. dxe4 Rxe4 47.
c3 Rf4+ 48. Ke3 Rf6 49. Rd8 Kg5 50. Rg8+ Rg6 51. Rd8 Re6+ 52. Kf2 Rf6+ 53. Ke3
Re6+ 54. Kf2 Kf4 55. Rf8+ Ke4 56. Rg8 g3+ 57. Ke2 Kf4+ 58. Kd3 h3 59. Rf8+ Kg4
60. Rf1 hxg2 61. Rg1 Rg6 62. Rxg2 Kf3 63. Rg1 g2 0-1

[Event "20. Open d'escacs de Sants 2018"]
[Site "Barcelona ESP"]
[Date "2018.08.17"]
[Round "1.25"]
[White "CUARTAS, Jaime Alexander"]
[Black "HEREDIA TARRATS, Amadeu"]
[Result "1-0"]
[WhiteElo "2499"]
[BlackElo "2104"]
[PlyCount "109"]
[EventDate "2018.08.17"]
[EventType "swiss"]
[EventRounds "10"]
[EventCountry "ESP"]
[SourceTitle "Ajedrez en Madrid"]
[Source "lmi"]
[SourceDate "2018.08.17"]
[SourceVersion "1"]
[SourceVersionDate "2019.07.10"]
[SourceQuality "1"]

1. d4 Nf6 2. Nf3 g6 3. Bf4 Bg7 4. Nbd2 d5 5. h3 O-O 6. e3 b6 7. Be2 Bb7 8. O-O
Nbd7 9. a4 a5 10. c3 Ne4 11. Rc1 Re8 12. c4 e5 13. dxe5 Nxe5 14. cxd5 Nc5 15.
Bb5 Qxd5 16. Bxe8 Rxe8 17. Bxe5 Bxe5 18. e4 Qe6 19. Nxe5 Qxe5 20. Qc2 Ba6 21.
Nf3 Qf4 22. Rfd1 Bd3 23. Qd2 Qxd2 24. Nxd2 Be2 25. Rxc5 Bxd1 26. Rxc7 Bxa4 27.
f3 Rb8 28. Nc4 Bb3 29. Nd6 b5 30. Rc5 Bc4 31. h4 h6 32. h5 g5 33. g3 Bd3 34.
Kf2 a4 35. Ke3 Bb1 36. Rxb5 Rxb5 37. Nxb5 Kf8 38. Kd2 Ba2 39. Nd4 Kg7 40. Kc3
f6 41. Kb4 g4 42. f4 Bf7 43. Kxa4 Bxh5 44. Nf5+ Kh7 45. b4 Be8+ 46. b5 h5 47.
Kb4 Bd7 48. Nh4 Kg7 49. Kc5 Kf7 50. b6 Bc8 51. Kc6 Ke6 52. Kc7 Ba6 53. b7 Bxb7
54. Kxb7 Kd6 55. Kb6 1-0

[Event "20. Open d'escacs de Sants 2018"]
[Site "Barcelona ESP"]
[Date "2018.08.17"]
[Round "1.26"]
[White "LACASTA PALACIO, Joaquim"]
[Black "KEYMER, Vincent"]
[Result "0-1"]
[WhiteElo "2102"]
[BlackElo "2493"]
[PlyCount "60"]
[EventDate "2018.08.17"]
[EventType "swiss"]
[EventRounds "10"]
[EventCountry "ESP"]
[SourceTitle "Ajedrez en Madrid"]
[Source "lmi"]
[SourceDate "2018.08.17"]
[SourceVersion "1"]
[SourceVersionDate "2019.07.10"]
[SourceQuality "1"]

1. g3 d5 2. Bg2 Nf6 3. f4 Nc6 4. Nf3 Qd6 5. d4 Bf5 6. c3 e6 7. b3 Qd7 8. O-O
Ne4 9. e3 h5 10. Qe1 O-O-O 11. Ba3 Bxa3 12. Nxa3 Qe7 13. Nb1 Kb8 14. b4 Rdg8
15. a4 g5 16. fxg5 Nxg5 17. Nbd2 Bd3 18. Rf2 h4 19. Nxh4 Nh3+ 20. Kh1 Nxf2+ 21.
Qxf2 f5 22. a5 a6 23. Bf1 Bxf1 24. Rxf1 Rg4 25. Ndf3 Qd8 26. Qe2 Kc8 27. Ra1
Nb8 28. Ne5 Rg7 29. b5 Nd7 30. Nhg6 Rh6 0-1

[Event "20. Open d'escacs de Sants 2018"]
[Site "Barcelona ESP"]
[Date "2018.08.17"]
[Round "1.27"]
[White "ANURAG, Mhamal"]
[Black "DE LA ESPERANZA MARTIN, Alberto"]
[Result "1-0"]
[WhiteElo "2484"]
[BlackElo "2101"]
[PlyCount "65"]
[EventDate "2018.08.17"]
[EventType "swiss"]
[EventRounds "10"]
[EventCountry "ESP"]
[SourceTitle "Ajedrez en Madrid"]
[Source "lmi"]
[SourceDate "2018.08.17"]
[SourceVersion "1"]
[SourceVersionDate "2019.07.10"]
[SourceQuality "1"]

1. Nf3 Nf6 2. g3 g6 3. Bg2 Bg7 4. O-O d5 5. c4 O-O 6. cxd5 Nxd5 7. d4 Nb6 8.
Nc3 Nc6 9. e3 Re8 10. Ne1 e5 11. d5 Na5 12. e4 Nac4 13. a4 a5 14. b3 Nd6 15.
Ba3 Bf8 16. Ra2 f5 17. f3 Bd7 18. Nd3 Nbc8 19. f4 exf4 20. e5 Ne4 21. Bxe4 Bxa3
22. Rxa3 fxe4 23. Nxe4 Rf8 24. Rxf4 Bf5 25. Nf6+ Rxf6 26. exf6 Qxf6 27. Nf2 Nd6
28. Ra2 Re8 29. Re2 Rxe2 30. Qxe2 Qa1+ 31. Kg2 Qf6 32. g4 Qg5 33. Nh3 1-0

[Event "20. Open d'escacs de Sants 2018"]
[Site "Barcelona ESP"]
[Date "2018.08.17"]
[Round "1.28"]
[White "FERNANDEZ AGUILAR, Francisco"]
[Black "NARCISO DUBLAN, Marc"]
[Result "0-1"]
[WhiteElo "2101"]
[BlackElo "2483"]
[PlyCount "68"]
[EventDate "2018.08.17"]
[EventType "swiss"]
[EventRounds "10"]
[EventCountry "ESP"]
[SourceTitle "Ajedrez en Madrid"]
[Source "lmi"]
[SourceDate "2018.08.17"]
[SourceVersion "1"]
[SourceVersionDate "2019.07.10"]
[SourceQuality "1"]

1. Nf3 d5 2. g3 Bg4 3. Bg2 e6 4. O-O Nf6 5. d4 Be7 6. Nbd2 O-O 7. Re1 c5 8. e4
cxd4 9. exd5 Nxd5 10. Nb3 d3 11. Qxd3 Nc6 12. c3 Qb6 13. Nfd4 Rad8 14. Nxc6
bxc6 15. Qc4 Bh5 16. a4 a5 17. Nd2 Bg5 18. Nb3 Bxc1 19. Raxc1 h6 20. Rb1 Bg6
21. Be4 Bxe4 22. Rxe4 Nf6 23. Re2 Rd5 24. Nd4 Rc5 25. Qb3 Qa6 26. Qa3 Rd5 27.
Ree1 Rfd8 28. Nc2 Rd2 29. Ne3 Ne4 30. Rf1 Nxf2 31. Rxf2 Rxf2 32. Kxf2 Rd2+ 33.
Kf3 Qe2+ 34. Ke4 f5+ 0-1

[Event "20. Open d'escacs de Sants 2018"]
[Site "Barcelona ESP"]
[Date "2018.08.17"]
[Round "1.29"]
[White "AGUERO JIMENEZ, Luis Lazaro"]
[Black "SANCHEZ LOPEZ, Juan Manuel"]
[Result "1-0"]
[WhiteElo "2482"]
[BlackElo "2101"]
[PlyCount "75"]
[EventDate "2018.08.17"]
[EventType "swiss"]
[EventRounds "10"]
[EventCountry "ESP"]
[SourceTitle "Ajedrez en Madrid"]
[Source "lmi"]
[SourceDate "2018.08.17"]
[SourceVersion "1"]
[SourceVersionDate "2019.07.10"]
[SourceQuality "1"]

1. Nc3 c5 2. Nf3 Nc6 3. d4 d5 4. g3 Bg4 5. Bg2 Bxf3 6. Bxf3 cxd4 7. Nxd5 e6 8.
Nf4 e5 9. Nd5 Nf6 10. Nxf6+ Qxf6 11. c3 Bc5 12. O-O O-O 13. Be4 Rac8 14. Qd3 h6
15. Qb5 Bb6 16. a4 Na5 17. cxd4 exd4 18. Bf4 Rc5 19. Qd3 Nc6 20. Rac1 Rxc1 21.
Rxc1 g5 22. Bxc6 bxc6 23. Bd2 Re8 24. a5 Bd8 25. b4 Re6 26. Rc4 Qe5 27. Rxd4
Bf6 28. Be3 Kg7 29. Rd7 Qc3 30. Qxc3 Bxc3 31. Bxa7 Bxb4 32. Bd4+ Kg6 33. Bb6 c5
34. Rb7 c4 35. a6 c3 36. a7 Re8 37. Be3 c2 38. Rc7 1-0

[Event "20. Open d'escacs de Sants 2018"]
[Site "Barcelona ESP"]
[Date "2018.08.17"]
[Round "1.30"]
[White "BONASSI, Tommaso"]
[Black "FEDOROVSKY, Michael"]
[Result "1/2-1/2"]
[WhiteElo "2100"]
[BlackElo "2481"]
[PlyCount "38"]
[EventDate "2018.08.17"]
[EventType "swiss"]
[EventRounds "10"]
[EventCountry "ESP"]
[SourceTitle "Ajedrez en Madrid"]
[Source "lmi"]
[SourceDate "2018.08.17"]
[SourceVersion "1"]
[SourceVersionDate "2019.07.10"]
[SourceQuality "1"]

1. e4 c5 2. Nf3 d6 3. d4 cxd4 4. Qxd4 Nf6 5. Bg5 Nc6 6. Bb5 Bd7 7. Bxc6 Bxc6 8.
Nc3 e6 9. O-O-O Be7 10. Rhe1 O-O 11. Kb1 Qa5 12. Qd2 Qa6 13. Nd4 Rac8 14. f3 b5
15. g4 Qb7 16. h4 a5 17. Nce2 b4 18. Ng3 a4 19. Nh5 Nxh5 1/2-1/2

[Event "20. Open d'escacs de Sants 2018"]
[Site "Barcelona ESP"]
[Date "2018.08.17"]
[Round "1.31"]
[White "CORI QUISPE, Kevin Joel"]
[Black "HERNANDEZ TORRALBA, Jose Joaquin"]
[Result "1-0"]
[WhiteElo "2480"]
[BlackElo "2097"]
[PlyCount "51"]
[EventDate "2018.08.17"]
[EventType "swiss"]
[EventRounds "10"]
[EventCountry "ESP"]
[SourceTitle "Ajedrez en Madrid"]
[Source "lmi"]
[SourceDate "2018.08.17"]
[SourceVersion "1"]
[SourceVersionDate "2019.07.10"]
[SourceQuality "1"]

1. e4 c5 2. Nf3 Nc6 3. d4 cxd4 4. Nxd4 Nf6 5. Nc3 d6 6. Bg5 e6 7. Qd2 a6 8.
O-O-O Bd7 9. f3 h6 10. Be3 b5 11. Kb1 Rb8 12. Nxc6 Bxc6 13. Bd3 Be7 14. Ne2 e5
15. Ng3 d5 16. Nf5 Bf8 17. exd5 Bxd5 18. Rhe1 Be6 19. Qc3 Nd7 20. Be4 b4 21.
Qc6 Rc8 22. Qxa6 Qc7 23. Nd6+ Bxd6 24. Rxd6 O-O 25. Rc6 Qb8 26. Rxe6 1-0

[Event "20. Open d'escacs de Sants 2018"]
[Site "Barcelona ESP"]
[Date "2018.08.17"]
[Round "1.32"]
[White "KOK, Ivo"]
[Black "OLIVA CASTANEDA, Kevel"]
[Result "0-1"]
[WhiteElo "2095"]
[BlackElo "2479"]
[PlyCount "42"]
[EventDate "2018.08.17"]
[EventType "swiss"]
[EventRounds "10"]
[EventCountry "ESP"]
[SourceTitle "Ajedrez en Madrid"]
[Source "lmi"]
[SourceDate "2018.08.17"]
[SourceVersion "1"]
[SourceVersionDate "2019.07.10"]
[SourceQuality "1"]

1. e4 c5 2. Nf3 d6 3. c3 Nf6 4. Be2 Nbd7 5. d3 b6 6. O-O Bb7 7. Nbd2 e6 8. Re1
Be7 9. Bf1 O-O 10. d4 cxd4 11. cxd4 Rc8 12. b3 d5 13. e5 Ne4 14. Nxe4 dxe4 15.
Nd2 Bb4 16. Nxe4 Bxe1 17. Qxe1 Nxe5 18. Ba3 Qxd4 19. Nd6 Bd5 20. Nb5 Qf4 21.
Bd6 Nf3+ 0-1

[Event "20. Open d'escacs de Sants 2018"]
[Site "Barcelona ESP"]
[Date "2018.08.17"]
[Round "1.33"]
[White "MUNOZ, Miguel"]
[Black "GONELL APARICI, Ramon"]
[Result "1-0"]
[WhiteElo "2476"]
[BlackElo "2093"]
[PlyCount "57"]
[EventDate "2018.08.17"]
[EventType "swiss"]
[EventRounds "10"]
[EventCountry "ESP"]
[SourceTitle "Ajedrez en Madrid"]
[Source "lmi"]
[SourceDate "2018.08.17"]
[SourceVersion "1"]
[SourceVersionDate "2019.07.10"]
[SourceQuality "1"]

1. e4 e6 2. d4 d5 3. Nd2 dxe4 4. Nxe4 Nd7 5. Nf3 Ngf6 6. Bd3 Nxe4 7. Bxe4 Nf6
8. Bd3 c5 9. Be3 cxd4 10. Bxd4 Be7 11. Qe2 O-O 12. O-O-O Qc7 13. Kb1 Rd8 14. g4
Bd7 15. g5 Nd5 16. Qe4 g6 17. Be5 Qa5 18. a3 b5 19. h4 Bc6 20. Qg4 b4 21. Qc4
Nc3+ 22. Bxc3 bxc3 23. Qxc6 Rab8 24. b3 Rdc8 25. Qa6 Qd5 26. Be2 Qe4 27. Nd4 e5
28. Bf3 Qf4 29. Nc6 1-0

[Event "20. Open d'escacs de Sants 2018"]
[Site "Barcelona ESP"]
[Date "2018.08.17"]
[Round "1.34"]
[White "CARBALLO CANCELA, Manuel"]
[Black "BEERDSEN, Thomas"]
[Result "0-1"]
[WhiteElo "2093"]
[BlackElo "2469"]
[PlyCount "60"]
[EventDate "2018.08.17"]
[EventType "swiss"]
[EventRounds "10"]
[EventCountry "ESP"]
[SourceTitle "Ajedrez en Madrid"]
[Source "lmi"]
[SourceDate "2018.08.17"]
[SourceVersion "1"]
[SourceVersionDate "2019.07.10"]
[SourceQuality "1"]

1. e4 e5 2. Nf3 Nc6 3. Bc4 Nf6 4. d3 h6 5. c3 d6 6. Bb3 Qe7 7. Nbd2 Be6 8. O-O
g5 9. Bxe6 fxe6 10. d4 exd4 11. cxd4 O-O-O 12. b4 a6 13. a4 Nxb4 14. Ba3 Nc6
15. Rb1 g4 16. Ne5 Nxd4 17. Nb3 Qe8 18. Nxg4 Nxg4 19. Qxd4 Rg8 20. h3 Ne5 21.
f4 Qg6 22. Rb2 Nc6 23. Qe3 Be7 24. Rc2 Bf6 25. Rff2 Qh5 26. Bb2 Bh4 27. Rf3 Rg3
28. Nd4 Rdg8 29. Nxc6 Rxf3 30. Na7+ Kb8 0-1

[Event "20. Open d'escacs de Sants 2018"]
[Site "Barcelona ESP"]
[Date "2018.08.17"]
[Round "1.35"]
[White "PULVETT MARIN, Daniel Eduardo"]
[Black "MORELLO, Guido"]
[Result "1-0"]
[WhiteElo "2465"]
[BlackElo "2090"]
[PlyCount "41"]
[EventDate "2018.08.17"]
[EventType "swiss"]
[EventRounds "10"]
[EventCountry "ESP"]
[SourceTitle "Ajedrez en Madrid"]
[Source "lmi"]
[SourceDate "2018.08.17"]
[SourceVersion "1"]
[SourceVersionDate "2019.07.10"]
[SourceQuality "1"]

1. d4 d5 2. c4 c6 3. Nc3 Nf6 4. e3 e6 5. Nf3 Nbd7 6. Qc2 Bd6 7. b3 O-O 8. Bb2
dxc4 9. bxc4 e5 10. Be2 Re8 11. O-O-O Qe7 12. c5 Bc7 13. Bc4 b5 14. Bb3 a5 15.
a4 exd4 16. Nxd4 Nxc5 17. Nxc6 Nxb3+ 18. Qxb3 Qc5 19. Qxb5 Ne4 20. Qxc5 Nxc5
21. Nb5 1-0

[Event "20. Open d'escacs de Sants 2018"]
[Site "Barcelona ESP"]
[Date "2018.08.17"]
[Round "1.36"]
[White "HEINRICI, Simon"]
[Black "MOLNER, Mackenzie"]
[Result "0-1"]
[WhiteElo "2088"]
[BlackElo "2465"]
[PlyCount "52"]
[EventDate "2018.08.17"]
[EventType "swiss"]
[EventRounds "10"]
[EventCountry "ESP"]
[SourceTitle "Ajedrez en Madrid"]
[Source "lmi"]
[SourceDate "2018.08.17"]
[SourceVersion "1"]
[SourceVersionDate "2019.07.10"]
[SourceQuality "1"]

1. e4 e5 2. Nf3 Nc6 3. Bc4 Nf6 4. Ng5 d5 5. exd5 Na5 6. Bb5+ c6 7. dxc6 bxc6 8.
Be2 h6 9. Nf3 e4 10. Ne5 Bc5 11. c3 Bd6 12. d4 exd3 13. Nxd3 O-O 14. O-O Re8
15. Be3 Qc7 16. g3 Bh3 17. Re1 Rxe3 18. fxe3 Bxg3 19. Nf4 Bxf4 20. exf4 Rd8 21.
Bd3 Qb6+ 22. Kh1 Ng4 23. Re2 Nf2+ 24. Rxf2 Qxf2 25. Bh7+ Kxh7 26. Qc2+ Qxc2 0-1

[Event "20. Open d'escacs de Sants 2018"]
[Site "Barcelona ESP"]
[Date "2018.08.17"]
[Round "1.37"]
[White "NEEF, Maximilian"]
[Black "BALLISTA, Massimiliano"]
[Result "1-0"]
[WhiteElo "2463"]
[BlackElo "2087"]
[PlyCount "69"]
[EventDate "2018.08.17"]
[EventType "swiss"]
[EventRounds "10"]
[EventCountry "ESP"]
[SourceTitle "Ajedrez en Madrid"]
[Source "lmi"]
[SourceDate "2018.08.17"]
[SourceVersion "1"]
[SourceVersionDate "2019.07.10"]
[SourceQuality "1"]

1. Nf3 d5 2. g3 Nf6 3. Bg2 e6 4. O-O Be7 5. c4 O-O 6. d4 dxc4 7. Qc2 a6 8. a4
Bd7 9. Rd1 Bc6 10. Nc3 Bxf3 11. Bxf3 Nc6 12. Bxc6 bxc6 13. Bg5 Nd5 14. Bxe7
Qxe7 15. Ne4 Qb4 16. Rdc1 Rfb8 17. Ra2 Qf8 18. Qxc4 Rb4 19. Qd3 Rab8 20. Nc5
Rxb2 21. Rxb2 Rxb2 22. Qxa6 Qb8 23. Nd7 Qb7 24. Qxb7 Rxb7 25. Rxc6 Ra7 26. Rc4
f5 27. Nc5 Kf7 28. Rc1 Nb6 29. e3 Ke7 30. Kf1 Ra8 31. Ra1 Ra5 32. Ke2 e5 33.
Kd3 exd4 34. exd4 Nd7 35. Re1+ 1-0

[Event "20. Open d'escacs de Sants 2018"]
[Site "Barcelona ESP"]
[Date "2018.08.17"]
[Round "1.38"]
[White "YAPAR, Nedim"]
[Black "SOCHACKI, Christophe"]
[Result "0-1"]
[WhiteElo "2084"]
[BlackElo "2455"]
[PlyCount "22"]
[EventDate "2018.08.17"]
[EventType "swiss"]
[EventRounds "10"]
[EventCountry "ESP"]
[SourceTitle "Ajedrez en Madrid"]
[Source "lmi"]
[SourceDate "2018.08.17"]
[SourceVersion "1"]
[SourceVersionDate "2019.07.10"]
[SourceQuality "1"]

1. e4 e6 2. d4 d5 3. Nc3 Nf6 4. e5 Nfd7 5. f4 c5 6. Nf3 a6 7. Be3 cxd4 8. Nxd4
Qb6 9. a3 Nc6 10. Qd2 Qxb2 11. Ra2 Qb6 0-1

[Event "20. Open d'escacs de Sants 2018"]
[Site "Barcelona ESP"]
[Date "2018.08.17"]
[Round "1.39"]
[White "LODICI, Lorenzo"]
[Black "URRUTIA GONZALEZ, Javier"]
[Result "1-0"]
[WhiteElo "2447"]
[BlackElo "2082"]
[PlyCount "67"]
[EventDate "2018.08.17"]
[EventType "swiss"]
[EventRounds "10"]
[EventCountry "ESP"]
[SourceTitle "Ajedrez en Madrid"]
[Source "lmi"]
[SourceDate "2018.08.17"]
[SourceVersion "1"]
[SourceVersionDate "2019.07.10"]
[SourceQuality "1"]

1. d4 Nf6 2. c4 g6 3. f3 d5 4. cxd5 Nxd5 5. e4 Nb6 6. Nc3 Bg7 7. Be3 O-O 8. Qd2
Nc6 9. O-O-O f5 10. e5 Nb4 11. Nh3 Be6 12. Kb1 Qd7 13. Nf4 Rfd8 14. a3 a5 15.
d5 N4xd5 16. Ncxd5 Nxd5 17. Nxe6 Qxe6 18. Bc4 c6 19. Bb6 Qxe5 20. Rhe1 Qf6 21.
Bxd8 Rxd8 22. Bxd5+ cxd5 23. f4 Rd6 24. Re5 e6 25. Qxa5 Qf8 26. Re2 Ra6 27. Qc7
b5 28. Qd7 Qd6 29. Qxb5 Bc3 30. Rc2 Bf6 31. Rc8+ Kg7 32. Qb7+ Kh6 33. Rc7 g5
34. Rxh7+ 1-0

[Event "20. Open d'escacs de Sants 2018"]
[Site "Barcelona ESP"]
[Date "2018.08.17"]
[Round "1.40"]
[White "BEASKOA ESTANY, Gabriel"]
[Black "DIAZ CAMALLONGA, Carles"]
[Result "0-1"]
[WhiteElo "2076"]
[BlackElo "2445"]
[PlyCount "108"]
[EventDate "2018.08.17"]
[EventType "swiss"]
[EventRounds "10"]
[EventCountry "ESP"]
[SourceTitle "Ajedrez en Madrid"]
[Source "lmi"]
[SourceDate "2018.08.17"]
[SourceVersion "1"]
[SourceVersionDate "2019.07.10"]
[SourceQuality "1"]

1. d4 e6 2. Nf3 Nf6 3. g3 d5 4. Bg2 b5 5. O-O Bb7 6. Nbd2 Nbd7 7. b3 b4 8. Bb2
Be7 9. c4 bxc3 10. Bxc3 c5 11. e3 O-O 12. Qe2 cxd4 13. Bxd4 Qa5 14. Rfc1 Rfc8
15. Ne5 Nxe5 16. Bxe5 Nd7 17. Bb2 Bf6 18. Bxf6 Nxf6 19. Nf3 Qa3 20. Qe1 Ne4 21.
Nd4 Nd6 22. Bf1 a6 23. Bd3 Ne4 24. Bxe4 dxe4 25. Rxc8+ Rxc8 26. Qd2 Bd5 27. Rb1
e5 28. Nb5 Qc5 29. Rd1 Be6 30. Qd8+ Qf8 31. Qxf8+ Kxf8 32. Na3 Bg4 33. Re1 Rc3
34. Kg2 f6 35. h3 Bf3+ 36. Kh2 h5 37. Rg1 a5 38. Rb1 Be2 39. Rb2 Bd3 40. Kg2
Rc1 41. b4 axb4 42. Rxb4 Bf1+ 43. Kh2 Be2 44. Rb1 Rc5 45. Kg1 g5 46. Re1 Bd3
47. Nb1 Rc2 48. a4 Rc4 49. Nd2 Rxa4 50. f3 exf3 51. Nxf3 Ra2 52. e4 Be2 53. Nh2
Ke7 54. h4 g4 0-1

[Event "20. Open d'escacs de Sants 2018"]
[Site "Barcelona ESP"]
[Date "2018.08.17"]
[Round "1.41"]
[White "BELLIA, Fabrizio"]
[Black "KOEHN, Lennart"]
[Result "1-0"]
[WhiteElo "2440"]
[BlackElo "2076"]
[PlyCount "53"]
[EventDate "2018.08.17"]
[EventType "swiss"]
[EventRounds "10"]
[EventCountry "ESP"]
[SourceTitle "Ajedrez en Madrid"]
[Source "lmi"]
[SourceDate "2018.08.17"]
[SourceVersion "1"]
[SourceVersionDate "2019.07.10"]
[SourceQuality "1"]

1. e4 c5 2. Nf3 d6 3. d4 cxd4 4. Nxd4 Nf6 5. Nc3 Nc6 6. Bg5 Bd7 7. f4 Rc8 8.
Qd2 Nxd4 9. Qxd4 Qa5 10. e5 dxe5 11. fxe5 e6 12. O-O-O Bc6 13. Bb5 Bxb5 14.
exf6 Bc6 15. h4 g6 16. Rhe1 Bc5 17. Rxe6+ fxe6 18. f7+ Kxf7 19. Qf6+ Kg8 20.
Qxe6+ Kg7 21. Rd7+ Bxd7 22. Qxd7+ Kg8 23. Qxc8+ Kg7 24. Qd7+ Kg8 25. Bf6 Be3+
26. Kb1 Bh6 27. Qe8+ 1-0

[Event "20. Open d'escacs de Sants 2018"]
[Site "Barcelona ESP"]
[Date "2018.08.17"]
[Round "1.42"]
[White "FUOCHI, Tommaso"]
[Black "GUKESH, D."]
[Result "0-1"]
[WhiteElo "2075"]
[BlackElo "2440"]
[PlyCount "80"]
[EventDate "2018.08.17"]
[EventType "swiss"]
[EventRounds "10"]
[EventCountry "ESP"]
[SourceTitle "Ajedrez en Madrid"]
[Source "lmi"]
[SourceDate "2018.08.17"]
[SourceVersion "1"]
[SourceVersionDate "2019.07.10"]
[SourceQuality "1"]

1. Nf3 Nf6 2. c4 g6 3. b4 Bg7 4. Bb2 O-O 5. g3 d6 6. Bg2 e5 7. d3 Bd7 8. Nbd2
Qc8 9. Qc2 Bh3 10. O-O Bxg2 11. Kxg2 Nh5 12. c5 Qg4 13. Nc4 Nc6 14. a3 Qe6 15.
Ncd2 d5 16. e3 h6 17. Nb3 Ne7 18. Rac1 g5 19. Kh1 Ng6 20. Qd1 g4 21. Nfd2 f5
22. d4 e4 23. Na5 Rab8 24. b5 f4 25. c6 b6 26. Nab3 f3 27. a4 Nf6 28. Ra1 h5
29. a5 h4 30. axb6 hxg3 31. fxg3 axb6 32. Ra7 Rf7 33. Qe1 Bh6 34. Qf2 Qc8 35.
Rfa1 Ne7 36. Nb1 Nf5 37. Bc1 Bg5 38. Nc3 Rh7 39. Na2 Nxg3+ 40. Qxg3 Bh4 0-1

[Event "20. Open d'escacs de Sants 2018"]
[Site "Barcelona ESP"]
[Date "2018.08.17"]
[Round "1.43"]
[White "ESCALANTE RAMIREZ, Brian Sebasti"]
[Black "TORNAY GOMEZ, Josu"]
[Result "1-0"]
[WhiteElo "2438"]
[BlackElo "2074"]
[PlyCount "87"]
[EventDate "2018.08.17"]
[EventType "swiss"]
[EventRounds "10"]
[EventCountry "ESP"]
[SourceTitle "Ajedrez en Madrid"]
[Source "lmi"]
[SourceDate "2018.08.17"]
[SourceVersion "1"]
[SourceVersionDate "2019.07.10"]
[SourceQuality "1"]

1. e4 c5 2. Nf3 g6 3. d4 cxd4 4. Qxd4 Nf6 5. Nc3 Nc6 6. Qa4 d6 7. e5 Ng4 8.
exd6 Qb6 9. Nd1 Qb4+ 10. Qxb4 Nxb4 11. Kd2 Bd7 12. a3 Nc6 13. dxe7 Bxe7 14. h3
Nf6 15. Ne3 Ne4+ 16. Ke1 O-O 17. Nd5 Bc5 18. Be3 Bxe3 19. Nxe3 Be6 20. Rd1 Rfe8
21. Nd4 Nxd4 22. Rxd4 f5 23. g4 Nf6 24. Rg1 fxg4 25. hxg4 Rad8 26. Rxd8 Rxd8
27. Bd3 Nd5 28. Nxd5 Bxd5 29. f4 Kg7 30. Kf2 Re8 31. g5 Bc6 32. b4 a6 33. c4
Re7 34. c5 Kf7 35. Ra1 Ba4 36. Rh1 Kg7 37. Rh3 Bc6 38. Bc2 Re8 39. Re3 Rxe3 40.
Kxe3 h5 41. gxh6+ Kxh6 42. Kd4 g5 43. fxg5+ Kxg5 44. Be4 1-0

[Event "20. Open d'escacs de Sants 2018"]
[Site "Barcelona ESP"]
[Date "2018.08.17"]
[Round "1.44"]
[White "SPERLING, Lennart"]
[Black "STURT, Raven"]
[Result "1/2-1/2"]
[WhiteElo "2073"]
[BlackElo "2437"]
[PlyCount "109"]
[EventDate "2018.08.17"]
[EventType "swiss"]
[EventRounds "10"]
[EventCountry "ESP"]
[SourceTitle "Ajedrez en Madrid"]
[Source "lmi"]
[SourceDate "2018.08.17"]
[SourceVersion "1"]
[SourceVersionDate "2019.07.10"]
[SourceQuality "1"]

1. d4 f5 2. g3 Nf6 3. Bg2 g6 4. c4 d6 5. Nf3 Bg7 6. O-O O-O 7. Nc3 Qe8 8. d5
Na6 9. Rb1 Bd7 10. b4 c5 11. b5 Nc7 12. b6 axb6 13. Rxb6 Ra7 14. Bd2 Bc8 15.
Re1 h6 16. e4 fxe4 17. Nxe4 Nxe4 18. Rxe4 Rxa2 19. Qe2 Ra1+ 20. Ne1 Bd4 21. Bf3
Qf7 22. Kg2 Qf5 23. g4 Qf6 24. Rxe7 Rf7 25. Rxf7 Kxf7 26. Be3 Na6 27. Bxd4 cxd4
28. Nd3 h5 29. h3 Qd8 30. Qb2 Ra3 31. Rxb7+ Bxb7 32. Qxa3 hxg4 33. hxg4 Bc8 34.
Qc1 Qf6 35. c5 dxc5 36. Nxc5 Nxc5 37. Qxc5 Bd7 38. Qa7 Ke8 39. Qb8+ Ke7 40.
Qb4+ Ke8 41. Qc5 Qf4 42. Qc2 Kf7 43. Qe2 g5 44. Kh3 Bb5 45. Qe6+ Kf8 46. Kg2 d3
47. d6 d2 48. Bd5 Kg7 49. Qg8+ Kh6 50. Qh8+ Kg6 51. Qg8+ Kf6 52. Qe6+ Kg7 53.
Qg8+ Kf6 54. Qe6+ Kg7 55. Qg8+ 1/2-1/2